000 00585nam a2200229Ia 4500
008 160803s9999 xx 000 0 und d
020 _a9780545005104
100 _aWilliams, Margery
245 4 _aThe Velveteen Rabbit /
245 _cby Margery Williams ; illustrated by Elizabeth Miles.
260 _aNew York :
260 _bScholastic Inc.
260 _c1990
300 _a32 unnumbered pages :
300 _bcolor illustrations ;
300 _c21 cm
650 _aRabbits --
650 _aToy --
650 _xFiction.
650 _xFiction.
700 _a820
999 _c299156
_d299156